000 00592nam a2200241 a 4500
001 nice12345678
003 IN_TiNIC
005 20260116013319.0
008 050524s1999 newa grp 000 0 eng
020 _a8176480
_c600
082 0 0 _a305.40954
_bPAC
100 _aPachauri, S K
245 _aWomen and Human Rights
260 _aNew Delhi
_bA.P.H.Publishing Corporation
_c1999
300 _a297p
500 _aincludes index and biblioraphy
505 2 _aIndex
650 _aWomen-India
700 1 _aPachauri, S K
902 _bSRS
942 _cBK
999 _c10513
_d10513